000 00374nam a22001697a 4500
005 20160630093033.0
008 160630b xxu||||| |||| 00| 0 eng d
020 _a0-330-30230-2
041 _aeng
082 _b10899
100 _aAdair, John
_9301
245 _aEffective leadership
260 _bPan Books
300 _a212
650 _aManagement
_9241
942 _cBK
999 _c4809
_d4807